| 000 | 00454nam a2200181Ia 4500 | ||
|---|---|---|---|
| 001 | 3058 | ||
| 005 | 20260306144852.0 | ||
| 008 | 260306t2008||||xx |||||||||||||| ||spa|| | ||
| 041 | _aESP | ||
| 082 |
_a248.4 _bD89 |
||
| 100 |
_aDonati, Pierpaolo _eAUT |
||
| 245 | 0 |
_aPerché la famiglia?: _ble riposte della sociologia relazionale |
|
| 260 | _c2008 | ||
| 300 |
_a149 páginas : _c19 cm. |
||
| 650 | _aGEN | ||
| 654 | _aCHU | ||
| 942 |
_cLIB _dJUS _fJUS _2ddc _n |
||
| 999 |
_c3058 _d3058 |
||